| 000 | 00772cam a22002413a 4500 | ||
|---|---|---|---|
| 001 | 20109 | ||
| 003 | PGUSA | ||
| 005 | 20140828083427.0 | ||
| 008 | 061214s2006||||xxu|||||s|||||000 | eng d | ||
| 040 |
_aPGUSA _beng |
||
| 042 | _adc | ||
| 050 | 4 | _aE660 | |
| 100 | 1 |
_aBoutwell, George S. _q(George Sewall), _d1818-1905 |
|
| 245 | 1 | 0 |
_aReminiscences of Sixty Years in Public Affairs, Vol. 2 _h[electronic resource] / _cGeorge S. Boutwell |
| 260 |
_bProject Gutenberg, _c2006 |
||
| 506 | _aPublic domain in the USA. | ||
| 516 | _aElectronic text | ||
| 653 | _aBoutwell, George S. (George Sewall), 1818-1905 | ||
| 653 | _aUnited States -- Politics and government | ||
| 830 | 0 |
_aProject Gutenberg _v20109 |
|
| 856 | 4 | 0 | _uhttp://www.gutenberg.org/ebooks/20109 |
| 942 | _cEB | ||
| 999 |
_c249364 _d249364 |
||